000 01069nmc a2200385 a 4500
003 AR-BaBNM
005 20251128205638.0
008 058019s1994 ||||||||||||||000 | spa||
020 _a950-714-045-X
040 _cAR-BaBNM
100 1 _aAlberini, Coriolano
_d1886-1960
245 1 0 _aProblemas de historia de las ideas filosóficas en la Argentina
260 _aBuenos Aires
_bSecretaría de Cultura y Educación
_bFraterna
_c1994
300 0 _a169 p.
490 0 _aIdentidad nacional
500 0 _aNotas p. 165-167
650 4 _aHISTORIOGRAFIA
650 4 _aFILOSOFIA
650 4 _aSOCIOLOGIA
650 4 _aHISTORIA POLITICA
650 4 _aPOSITIVISMO
650 4 _aPOLITICA
650 4 _aHISTORIOGRAFIA
650 4 _aHISTORIA
650 4 _aHISTORIADORES
650 4 _aMETODO HISTORICO
650 4 _aINVESTIGACION HISTORICA
650 4 _aESCRITURA HISTORICA
650 4 _aANALISIS HISTORICO
650 4 _aHISTORIOGRAFIA ARGENTINA
651 4 _aArgentina
700 1 _aToribio, Daniel
_eprologuista
942 _cBK
998 _cMariana
999 _c12213
_d12213